00488nam a2200169Ia 4500003000900000008004100009040001600050080002500066100002100091245007200112260003500184300001300219650004100232650001000273650001500283700002000298IN-BaIIA211028s9999 xx 000 0 eng d cIIA Library a550.3(047.1)bADV-13 aLandsberg, H. E. 0aAdvances in geophysicsbvol. 13cH. E. Landsberg and Van Mieghem J. aNew YorkbAcademic Pressc1969 ax, 267p. aAstronomy and Astrophysics Thesaurus aEarth aGeophysics aVan Mieghem, J.